00337nam a2200121Ia 4500008004100000020001500041041001200056100002000068245006600088260003700154300000800191650001600199221030s9999 xx 000 0 und d a8177229400 aEnglish aP. S. Deshpande 0aSQL & PL / SQL for Oracle 11g Black Bookcby P. S. Deshpande bDreamtech PressaNew Delhic2015 a864 aBE Computer